000 00287nam a2200097Ia 4500
008 220216s9999 xx 000 0 und d
100 _aAlbaladejo J L
245 0 _aGlobal development of the rubberwood industry based on a sustainable timber resource
650 _aRubber wood
942 _cJS
999 _c59954
_d59954